Životné jubileum Prof. RNDr. Miroslava Repčáka, CSc.

Bibliographic Details
Main Author: Mártonfi, Pavol, 1964- (Author)
Format: Article
Language:Slovak

MARC

LEADER 00000nab a2200000ua 4500
001 vtls010835017
003 SK-MaSNL
005 20260303161744.0
008 230121s2007 xo |||||||||||||||||slo|
035 |a (urnnbn)urn:nbn:sk:snk:ar-a06ptz 
035 |a urn:nbn:sk:snk-ab5z2p 
035 |a (uuid)86a0efe2-8c74-45fb-b2f5-09f335df2562 
040 |a SNKBUCL  |b slo  |c SNKBUCL  |e AACR2 
041 0 |a slo 
044 |a xo  |c SK 
100 1 |a Mártonfi, Pavol,  |d 1964-  |4 aut  |9 221399 
245 1 0 |a Životné jubileum Prof. RNDr. Miroslava Repčáka, CSc.  |c Pavol Mártonfi 
773 0 |t Bulletin Slovenskej botanickej spoločnosti pri Slovenskej akadémii vied  |g Roč. 29, č. 1 (2007), s. 196-199 
954 |a odborná, vedecká literatúra pôvodná (slovenská)  |2 lita 
958 |a OND 
958 |a EUIPO 
958 |a article5 
999 |c 2050701  |d 2052631